000 00177 a2200097 4500
020 _a9788434880573
041 _aspa
100 _aAnonimo
245 _aSuena Bien
942 _cBK
999 _c16373
_d16373